MyGZULibrary

The South African law of unjustified enrichment / (Record no. 9430)

MARC details
000 -LEADER
fixed length control field 01121cam a2200325 a 4500
001 - CONTROL NUMBER
control field 17531741
003 - CONTROL NUMBER IDENTIFIER
control field GZU
005 - DATE AND TIME OF LATEST TRANSACTION
control field 20210615112210.0
008 - FIXED-LENGTH DATA ELEMENTS--GENERAL INFORMATION
fixed length control field 121116s2012 sa b 001 0 eng
010 ## - LIBRARY OF CONGRESS CONTROL NUMBER
LC control number 2012435519
020 ## - INTERNATIONAL STANDARD BOOK NUMBER
International Standard Book Number 9780702194740
020 ## - INTERNATIONAL STANDARD BOOK NUMBER
International Standard Book Number 0702194743
035 ## - SYSTEM CONTROL NUMBER
System control number (OCoLC)ocn794909917
040 ## - CATALOGING SOURCE
Original cataloging agency Z@L
Language of cataloging eng
Transcribing agency Z@L
Modifying agency OI@
-- YLS
-- DLC
042 ## - AUTHENTICATION CODE
Authentication code pcc
043 ## - GEOGRAPHIC AREA CODE
Geographic area code f-sa---
050 00 - LIBRARY OF CONGRESS CALL NUMBER
Classification number KTL854
Item number .D8 2012
100 1# - MAIN ENTRY--PERSONAL NAME
Personal name Du Plessis, J. E.
245 14 - TITLE STATEMENT
Title The South African law of unjustified enrichment /
Statement of responsibility, etc. Jacques du Plessis.
246 30 - VARYING FORM OF TITLE
Title proper/short title Law of unjustified enrichment
246 30 - VARYING FORM OF TITLE
Title proper/short title Unjustified enrichment
260 ## - PUBLICATION, DISTRIBUTION, ETC.
Place of publication, distribution, etc. Claremont, [South Africa] :
Name of publisher, distributor, etc. Juta,
Date of publication, distribution, etc. 2012.
300 ## - PHYSICAL DESCRIPTION
Extent xliv, 436 p. ;
Dimensions 25 cm.
504 ## - BIBLIOGRAPHY, ETC. NOTE
Bibliography, etc. note Includes bibliographical references and index.
650 #0 - SUBJECT ADDED ENTRY--TOPICAL TERM
Topical term or geographic name entry element Unjust enrichment
Geographic subdivision South Africa.
856 41 - ELECTRONIC LOCATION AND ACCESS
Materials specified Table of contents only
Uniform Resource Identifier <a href="http://www.loc.gov/catdir/toc/fy14pdf01/2012435519.html">http://www.loc.gov/catdir/toc/fy14pdf01/2012435519.html</a>
906 ## - LOCAL DATA ELEMENT F, LDF (RLIN)
a 7
b cbc
c pccadap
d 2
e ncip
f 20
g y-gencatlg
942 ## - ADDED ENTRY ELEMENTS (KOHA)
Source of classification or shelving scheme Library of Congress Classification
Koha item type Books
Classification part 854
Item part DUP
Call number prefix KTL
Call number suffix 2012
Holdings
Withdrawn status Lost status Damaged status Not for loan Collection code Home library Current library Shelving location Date acquired Total Checkouts Full call number Barcode Date last seen Copy number Price effective from Koha item type
        Non-fiction Law Library Law Library General Stacks 06/15/2021   KTL854 DUP 2012 004834 06/15/2021 c.1 06/15/2021 Books